01611nam a22002057a 450000500170000000800410001702000180005804000070007604100120008308200160009510000180011124500570012925000070018626000410019330000260023436500540026052010330031465000340134770000240138120260212095839.0260211b |||||||| |||| 00| 0 eng d a9781449694616 cAL aEnglish a515.9bZILC aDennis G Zill aComplex analysisb: a first course with applications a3. aBurlingtonbJones and Bartlettc2015 axv437p.bHBc28x22cm. aIN-21692b₹7521.55c₹d₹8405.00f27-01-2026 aComplex Analysis: A First Course with Applications is a truly accessible introduction to the fundamental principles and applications of complex analysis. Designed for the undergraduate student with a calculus background but no prior experience with complex analysis, this text discusses the theory of the most relevant mathematical topics in a student-friendly manner. With a clear and straightforward writing style, concepts are introduced through numerous examples, illustrations, and applications. Each section of the text contains an extensive exercise set containing a range of computational, conceptual, and geometric problems. In the text and exercises, students are guided and supported through numerous proofs providing them with a higher level of mathematical insight and maturity. Each chapter contains a separate section devoted exclusively to the applications of complex analysis to science and engineering, providing students with the opportunity to develop a practical and clear understanding of complex analysis. aFunctions of complex analysis aShanahan, Patrick D